One Piece Charaktere mit einem Kopfgeld von über 1 Milliarde Berry - Statistiken

Allgemein
  • Dieses Quiz wurde 192 mal gespielt
  • Das Durchschnittsergebnis liegt bei 18 aus 24
Antwortstatistiken
Rang Kopfgeld (in Berry) Name % Korrekt
3.000.000.000 Monkey D. Ruffy (engl. Luffy)
99%
1.111.000.000 Lorenor Zorro (engl. Roronoa Zoro)
96%
4.048.900.000 Rothaar Shanks
93%
1.032.000.000 Vinsmoke Sanji (aka Schwarzfuß Sanji)
93%
4.388.000.000 Charlotte Linlin (aka Big Mom)
92%
Über 5 Millarden 5.564.800.000 Gol D. Roger
92%
Über 3 Milliarden 3.996.000.000 Marshall D. Teach (aka Blackbeard)
92%
5.046.000.000 Edward Newgate (aka Whitebeard)
90%
Über 4 Milliarden 4.611.100.000 Kaidou der 100 Bestien
88%
3.189.000.000 Buggy der Clown
84%
3.590.000.000 Dracule Mihawk (aka Falkenauge)
84%
3.000.000.000 Trafalgar D. Water Law
83%
3.000.000.000 Eustass "Captain" Kid
82%
1.100.000.000 Jinbei
81%
1.057.000.000 Charlotte Katakuri
69%
Über 1 Milliarde 1.965.000.000 Sir Crocodile
69%
1.390.000.000 Alber (aka King, die Feuersbrunst)
66%
1.320.000.000 Scien (aka Queen, die Seuche)
63%
1.659.000.000 Boa Hancock
54%
1.000.000.000 Jack, die Dürre
49%
1.374.000.000 Marco, der Phönix
47%
Über 2 Milliarden 2.600.000.000 Loki
38%
1.800.000.000 Boogey, der rote Teufel (engl. Brogy)
26%
1.800.000.000 Woogey, der blaue Teufel (engl. Dorry)
26%
Keine übereinstimmenden Quizze gefunden
Verteilung der Resultate
Anzahl Personen mit jedem Resultat
Perzentil nach korrekt beantworteten Fragen
Ihre Resultats-Entwicklung
Sie haben dieses Quiz noch nicht gespielt